LEADER 01155nam a2200253 u 4500 001 000000055468 003 CaOOAMICUS 005 20070226115804.0 008 010131s1965 it u000 u ita u 035 $a10866775 040 $aPUL(R)$bita 100 1 $aVinay, Valdo.$0(OLS)http://pul/name/9916 245 10$aDomenico Antonio Ferrari bibliofilo napoletano in Inghilterra nella prima metà del XVIII secolo /$cValdo Vinay. 260 $aFirenze :$bOlsckhi,$c1965. 300 $aP. [597]-612 ;$c24 cm 500 $a"Estratto da: Studi di letteratura, storia e filosofia in onore di Bruno Revel". 504 $aBibliografia in nota. 600 14$aFerrari, Domenico Antonio,$d1695-1744$xBiografia.$0(OLS)http://pul/subject/22501 850 $aPUL 852 $aPUL$W1$xDP1 Fondo Maccarrone$y58$m1527 E 51$j72920$nBK-PRI$b $qFondi$B72920$CPULBib$Z2$F72920 $H $81 941 1 $a1 961 $aINV: F. Maccarrone 996 $6245$aDomenico Antonio Ferrari bibliofilo napoletano in Inghilterra nella prima metà del XVIII secolo$9(OLS)http://pul/title/74262 996 $6260$aFirenze :$bOlsckhi$9(OLS)http://pul/publisher/69002 LEADER 01093naa a2200217 u 4500 001 000000103409 003 CaOOAMICUS 005 20070226130215.0 008 061116s1947 be u000 u fre u 035 $a11106961 040 $aIAR$bita 100 1 $aVyver, André van de.$0(OLS)http://pul/name/9921 245 10$aHucbald de Saint-Amand, écolâtre, et l'invention du Nombre d'or /$cAndré van de Vyver. 260 $aLouvain :$bBibliothèque de l'Université,$c1947. 300 $ap. 61-79 ;$c26 cm 500 $aIAR: CCI.324 600 04$aHucbald,$cmonaco, di Saint-Amand,$dc. 840-930.$0(OLS)http://pul/subject/33032 773 0 $aMélanges Auguste Pelzer. 773 0 $tMélanges Auguste Pelzer : Etudes d'histoire littéraire et doctrinale de la Scolastique médiévale offertes à Monseigneur Auguste Pelzer à l'occasion de son soixante-dixième anniversaire$g3e série, fasc. 26$w()19106 996 $6245$aHucbald de Saint-Amand, écolâtre, et l'invention du Nombre d'or$9(OLS)http://pul/title/130314 996 $6260$aLouvain :$bBibliothèque de l'Université$9(OLS)http://pul/publisher/49702